| 000 | 00755nam a22001817a 4500 | ||
|---|---|---|---|
| 003 | UA-OsUOA | ||
| 001 | 11214 | ||
| 007 | ta | ||
| 008 | 20050304b un ||||| |||| 00| 0 ukr d | ||
| 100 | _aЯрощук М. | ||
| 942 | _cSA | ||
| 040 |
_aUA-OsUOA _cUA-OsUOA _dUA-OsUOA |
||
| 245 |
_a"Наша палата є голосом бізнесу регіону" _b[Про здобутки, перспективи й пробл. Рівненської торг.-промисл. палати розповідає її президент Микола Ярощук] |
||
| 300 | _aС.2 | ||
| 955 | _a0 | ||
| 773 | 0 |
_w0 _tВісті Рівненщини _dРівне _d2005 _g№17/2 берез./ |
|
| 650 | 7 |
_aТоргово - промислова палата _2UDC |
|
| 999 |
_c297375 _d297375 |
||